01395cam a22002894i 4500003000900000005001700009008004100026035001900067040003300086082002300119100002700142245004500169250002200214264004500236336002100281337002500302338002300327490001700350505064800367526000901015526000901024526000801033526000801041526000801049650002301057650002501080PE-LiUPU20250731183417.0150625s r 000 0 d a(Sirsi) a34700 aPE-LiUPUbspacPE-LiUPUerda04a751.422bB433a2231 aBell, John G.,eautor.10aAcuarela en 5 lecciones /cJohn G. Bell. aCuarta edición. 1aBarcelona :bLas Ediciones de Arte LEDA; atext2rdacontent aunmediated2rdamedia avolume2rdacarrier aComo se hace0 aEl dibujo publicitario. - La rotulación a la pluma. - La rotulación al pincel. - Cómo se armonizan los colores. - Pinte Ud. - El dibujo a la pluma. - Haga croquis!. - Movimiento y ritmo en pintura. - La decoración de la casa modesta. - Vida nueva a muebles viejos. - Anatomía para artistas. - Perspectiva para artistas. - Pintismo. - Arte creador infantil. - El dibujo a lápiz. - Acuarela en 5 lecciones. - Oleo en 5 lecciones . - Distorsión constructiva. - Test de arte. - Cartilla del pintor amateur. - La presentación de productos. - Serigrafía artística. - Técnicas de Liza y pastel. - Técnica del ornamento actual. aP158 aP146 aP17 aP12 aP06 0aAcuarelax-Pintura 0aPinturasx-Acuarelas